Southville International School and Colleges
Your cart is empty.
  • Cart
  • Lists
    Public lists Eva Luna New books Lux_list list_1
    Your lists Log in to create your own lists
  • Log in to your account
  • Your cookies
  • Search history
Southville International School and Colleges
  • Advanced search
  • Recent comments
  • Most popular
  • Libraries

Log in to your account

Log in with GOOGLE


If you do not have an external account, but do have a local account, you can still log in:

  1. Home
  2. MARC view: Secret of the Tower
Normal view MARC view ISBD view

Secret of the Tower (Record no. 33566)

[ view plain ]
MARC details
000 -LEADER
fixed length control field 01551pam a2200385 a 4500
001 - CONTROL NUMBER
control field 4818665
003 - CONTROL NUMBER IDENTIFIER
control field Ost
005 - DATE AND TIME OF LATEST TRANSACTION
control field 20140408085957.0
008 - FIXED-LENGTH DATA ELEMENTS--GENERAL INFORMATION
fixed length control field 890420s1990 njua j 000 1 eng
010 ## - LIBRARY OF CONGRESS CONTROL NUMBER
LC control number 89033882
020 ## - INTERNATIONAL STANDARD BOOK NUMBER
International Standard Book Number 0439703204
Terms of availability $9.49
020 ## - INTERNATIONAL STANDARD BOOK NUMBER
Terms of availability $2.95
040 ## - CATALOGING SOURCE
Original cataloging agency DLC
Transcribing agency DLC
Modifying agency DLC
042 ## - AUTHENTICATION CODE
Authentication code lcac
050 00 - LIBRARY OF CONGRESS CALL NUMBER
Classification number PZ 7
Item number .D754 1990
100 1# - MAIN ENTRY--PERSONAL NAME
Personal name Doyle, Debra,
Dates associated with a name 1952-
9 (RLIN) 23462
245 10 - TITLE STATEMENT
Title Secret of the Tower
Statement of responsibility, etc by Debra Doyle and James D. Macdonald ; illustrated by Judith Mitchell.
260 ## - PUBLICATION, DISTRIBUTION, ETC. (IMPRINT)
Place of publication, distribution, etc Mahwah, N.J. :
Name of publisher, distributor, etc Troll Associates,
Date of publication, distribution, etc 1990.
300 ## - PHYSICAL DESCRIPTION
Extent 139 p. :
Other physical details ill. ;
Dimensions 19 cm.
490 1# - SERIES STATEMENT
Series statement Circle of magic ;
Volume number/sequential designation 1
520 ## - SUMMARY, ETC.
Summary, etc Determined to become a wizard, twelve-year-old Randal is delighted to be accepted into the famed School of Wizardry, but his apprenticeship is marred when he realizes that one of the master wizards is using evil spells to destroy the school and gain supreme power.
521 ## - TARGET AUDIENCE NOTE
Target audience note
526 ## - STUDY PROGRAM INFORMATION NOTE
Reading level 800
650 #1 - SUBJECT ADDED ENTRY--TOPICAL TERM
Topical term or geographic name as entry element Wizards
General subdivision Fiction.
9 (RLIN) 23463
650 #1 - SUBJECT ADDED ENTRY--TOPICAL TERM
Topical term or geographic name as entry element Knights and knighthood
General subdivision Fiction.
9 (RLIN) 23464
650 #1 - SUBJECT ADDED ENTRY--TOPICAL TERM
Topical term or geographic name as entry element Adventure and adventurers
General subdivision Fiction.
9 (RLIN) 23465
700 1# - ADDED ENTRY--PERSONAL NAME
Personal name Macdonald, James,
Dates associated with a name 1954-
9 (RLIN) 23466
700 1# - ADDED ENTRY--PERSONAL NAME
Personal name Mitchell, Judith,
Dates associated with a name 1951-
Relator term ill.
9 (RLIN) 23467
800 1# - SERIES ADDED ENTRY--PERSONAL NAME
Personal name Doyle, Debra,
Dates associated with a name 1952-
Title of a work Circle of magic ;
Volume/sequential designation 1
9 (RLIN) 23468
906 ## - LOCAL DATA ELEMENT F, LDF (RLIN)
a 7
b cbc
c orignew
d 1
e ocip
f 19
g y-gencatlg
942 ## - ADDED ENTRY ELEMENTS (KOHA)
Source of classification or shelving scheme Library of Congress Classification
Koha item type Books
Holdings
Withdrawn status Lost status Source of classification or shelving scheme Damaged status Home library Current library Shelving location Date acquired Total Checkouts Full call number Barcode Date last seen Copy number Price effective from Koha item type
    Library of Congress Classification   Luxembourg Library Luxembourg Library Scholastic Reading Center Section 10/03/2013   PZ 7 .D754Se 2004 LEX0210 04/18/2017 3 10/03/2013 Books
    Library of Congress Classification   Luxembourg Library Luxembourg Library Scholastic Reading Center Section 10/03/2013   PZ 7 .D754Se 2004 LEX0896 04/18/2017 2 10/03/2013 Books

Secret of the Tower

APA

Doyle D., Macdonald J. & Mitchell J. (1990). Secret of the Tower. Mahwah, N.J: Troll Associates.

Chicago

Doyle Debra, Macdonald James and Mitchell Judith. 1990. Secret of the Tower. Mahwah, N.J: Troll Associates.

Harvard

Doyle D., Macdonald J. and Mitchell J. (1990). Secret of the Tower. Mahwah, N.J: Troll Associates.

MLA

Doyle Debra, Macdonald James and Mitchell Judith. Secret of the Tower. Mahwah, N.J: Troll Associates. 1990.

  • Place hold
  • Print
  • Cite
  • Add to your cart (remove)
  • Save record
    BIBTEX Dublin Core MARCXML MARC (non-Unicode/MARC-8) MARC (Unicode/UTF-8) MARC (Unicode/UTF-8, Standard) MODS (XML) RIS
  • More searches
    Search for this title in:
    Other Libraries (WorldCat) Other Databases (Google Scholar) Online Stores (Bookfinder.com) Open Library (openlibrary.org)

Exporting to Dublin Core...

SOUTHVILLE LIBRARY

Southville International School and Colleges Library

1281 Tropical Ave. Cor. Luxembourg St., BF Homes International, Las Pinas City

Tel. No. 8256374 / 252358 Loc. 117/146

Powered by Koha